Poème - Le dormeur du Val, Arthur RIMBAUD - Statistiques

Statistiques générales
  • Ce quiz a été pris 9 fois
  • Le résultat moyen est 4 sur 14
Statistiques - réponses
Le dormeur du val % Correct
C'est un trou de verdure où chante une rivière
100%
Tranquille. Il a deux trous rouges au côté droit.
38%
Dort ; il est étendu dans l'herbe, sous la nue,
25%
Et la nuque baignant dans le frais cresson bleu,
25%
Il dort dans le soleil, la main sur sa poitrine
25%
Les parfums ne font pas frissonner sa narine ;
25%
Nature, berce-le chaudement : il a froid.
25%
Pâle dans son lit vert où la lumière pleut.
25%
Accrochant follement aux herbes des haillons
13%
D'argent ; où le soleil, de la montagne fière,
13%
Les pieds dans les glaïeuls, il dort. Souriant comme
13%
Luit : c'est un petit val qui mousse de rayons.
13%
Sourirait un enfant malade, il fait un somme :
13%
Un soldat jeune, bouche ouverte, tête nue,
13%
Aucun quiz correspondant
Distribution des résultats
% des personnes avec chaque résultat
Percentile par nombre de réponses
Votre historique - résultats
Vous n’avez pas pris ce quiz